000
00340nam a2200145Ia 4500
008
191201s2010 xx 000 0 und d
082
_a
658.4038
_b
JAM
100
_a
JAWADEKAR,Waman S
245
0
_a
Management Information Systems
250
_a
13 IMP
260
_a
N. Delhi
_b
TMH
_c
2010
300
_a
829
650
_a
BBA
942
_2
ddc
_c
BK
999
_c
4883
_d
4883